000
00287nam a22001337a 4500
020
_a
9789356349490
082
_a
510
_b
OSW/M
245
_a
XII MATHEMATICS
_b
QUESTION BANK
250
_a
19
260
_a
AGRA
_b
OSWALL BOOKS
300
_a
336
650
_a
QUESTION BANK
_z
DELHI
942
_c
BK
999
_c
6876
_d
6876